| 000 | 00434nam a22001217a 4500 | ||
|---|---|---|---|
| 082 | _a200 THE | ||
| 100 |
_aMuzamil Mahmood _973227 |
||
| 245 | _aTH-SOF-1808-Work demand and Prevalence of Work-Related Musculoskeletal Disorders A Case Study of Pakistan Aviation Maintenance Workers | ||
| 260 |
_aISLAMABAD _bNUST COLLEGE OF EME _c2020 |
||
| 650 |
_aMS-EM-18 _973228 |
||
| 700 |
_aSupervisor Dr. Afshan Naseem _973229 |
||
| 942 |
_cREF _2ddc |
||
| 999 |
_c579045 _d579045 |
||